Deportivo Alavés Squad 2016-2017 - Statistics

General Stats
  • This quiz has been taken 16 times
  • The average score is 19 of 28
Answer Stats
# Position Nation Player % Correct
1 GK Spain Fernando Pacheco
100%
19 MF Spain Manu García
100%
6 MF Spain Marcos Llorente
100%
15 DF France Theo Hernández
100%
20 FW Brazil Deyverson Silva
86%
- Coach Argentina Mauricio Pellegrino
86%
5 DF Spain Víctor Laguardia
86%
24 DF Morocco Zouhair Feddal
86%
25 FW Serbia Aleksandar Katai
71%
9 FW Venezuela Christian Santos
71%
11 FW Spain Ibai Gómez
71%
10 MF Paraguay Óscar Romero
71%
3 DF Spain Raúl Carnero
71%
8 MF Spain Víctor Camarasa
71%
2 DF Serbia Aleksandar Pantić
57%
4 DF Spain Alexis Ruano
57%
16 MF Colombia Dani Torres
57%
18 FW Spain Gaizka Toquero
57%
10 FW Spain Manu Barreiro
57%
2 DF Brazil Rodrigo Ely
57%
13 GK Spain Adrián Ortolá
43%
22 DF Spain Carlos Vigaray
43%
14 FW Argentina Cristian Espinoza
43%
17 FW Spain Edgar Méndez
43%
21 DF Spain Kiko Femenía
43%
23 MF Serbia Nenad Krstičić
43%
7 FW Spain Rubén Sobrino
43%
12 MF Spain Sergio Llamas
43%
No matching quizzes found
Score Distribution
Percent of People with Each Score
Percentile by Number Answered
Your Score History
You have not taken this quiz